DIMBY!!! - Statistics

General Stats
  • This quiz has been taken 2 times
  • The average score is 3 of 5
Answer Stats
Answer % Correct
Dimby
100%
BentleyB
50%
BentleyBlueShirt
50%
oillie
50%
BigAMan
0%
No matching quizzes found
Score Distribution
Percent of People with Each Score
Percentile by Number Answered
Your Score History
You have not taken this quiz